Music Quiz

Random Music or Artist Quiz

Run and Walk Songs Quiz Stats

 Plays Quiz Updated Mar 3, 2020

     
Support Sporcle.
Go Orange.
Score 0/30 Timer 07:00
1 Play Today
Artist Song % Correct
Johnny Cash I Walk the Line
82.9%
AerosmithWalk This Way
61.6%
Del Shannon Runaway
49.8%
The BanglesWalk Like an Egyptian
42.6%
Bruce Springsteen Born to Run
41.9%
Nancy SinatraThese Boots Are Made for Walkin'
36.7%
Kelly ClarksonWalk Away
34%
Katrina and the WavesWalking on Sunshine
33.2%
Blues TravelerRun-Around
30.8%
Lou ReedWalk on the Wild Side
24.3%
Chris BrownRun It!
24.1%
Paul McCartney and WingsBand on the Run
23.8%
Jackson BrowneRunning on Empty
21%
Kanye WestJesus Walks
20.9%
Dire StraitsWalk of Life
20.1%
Artist Song % Correct
Van HalenRunnin' with the Devil
19.8%
Four SeasonsWalk Like a Man
19%
Tom Petty and the HeartbreakersRunnin' Down a Dream
18.7%
Iron MaidenRun to the Hills
18%
Soul AsylumRunaway Train
17.8%
Dionne WarwickWalk on By
15.8%
Annie LennoxWalking on Broken Glass
14.1%
Patsy ClineWalkin' After Midnight
14%
The PoliceWalking on the Moon
13.4%
Steve Miller BandTake the Money and Run
10.7%
The BeatlesRun for Your Life
8.8%
Reo SpeedwagonTake It on the Run
8.3%
EaglesThe Long Run
6.7%
Pink FloydOn the Run
6.7%
Foo FightersWalking After You
3.8%

From the Vault

Simile Songs

by MrChewypoo

Music 5m
This quiz is like a...
Remove Ads.
Support Sporcle.
Get the best of Sporcle when you Go Orange. This ad-free experience offers more features, more stats, and more fun while also helping to support Sporcle. Thank you for becoming a member.

Show Comments

Extras

Top Quizzes Today


Score Distribution

Your Account Isn't Verified!

In order to create a playlist on Sporcle, you need to verify the email address you used during registration. Go to your Sporcle Settings to finish the process.

Report this User

Report this user for behavior that violates our Community Guidelines.

Details: